Welcome to the Holygrace Academy Library

Please use search bar below to get started

NCERT SOLUTIONS CHEMISTRY (Record no. 692)

MARC details
000 -LEADER
fixed length control field 00346nam a22001337a 4500
020 ## - INTERNATIONAL STANDARD BOOK NUMBER
ISBN 978-93-89461-50-3
082 ## - DEWEY DECIMAL CLASSIFICATION NUMBER
Classification number 540
Item number MTG/N/C
100 ## - MAIN ENTRY--AUTHOR NAME
Personal name MTG LEARNING MEDIA
245 ## - TITLE STATEMENT
Title NCERT SOLUTIONS CHEMISTRY
Remainder of title CLASS XII
260 ## - PUBLICATION, DISTRIBUTION, ETC. (IMPRINT)
Place of publication DELHI
Name of publisher MTG LEARNING MEDIA
300 ## - PHYSICAL DESCRIPTION
Number of Pages 148
650 ## - SUBJECT ADDED ENTRY--TOPICAL TERM
Topical Term CHEMISTRY NCERT SOLUTIONS FOR CLASS XII
Geographic subdivision INDIA
942 ## - ADDED ENTRY ELEMENTS (KOHA)
Koha item type Books
Holdings
Withdrawn status Lost status Collection code Home library Current library Shelving location Date acquired Source of acquisition Cost, normal purchase price Full call number Accession Number Koha item type
    Reference Main Library Main Library SHELF-9 C XII CHEMISTRY 13/09/2022 purchase 175.00 540 MTG/N/C 12639 Books